A carregar...
Attitudinal changes in child behaviour
| Autor principal: | |
|---|---|
| Formato: | Printed Book |
| Idioma: | English |
| Publicado em: |
New Delhi, Kanishka Publishing House
1992 |
| Assuntos: |
| LEADER | 005350000a22001810004500 | ||
|---|---|---|---|
| 020 | |a 8185475334 | ||
| 041 | |a eng | ||
| 082 | |a 155.418 N2 | ||
| 100 | |a Bharambe, Madhuri D |9 99407 | ||
| 245 | |a Attitudinal changes in child behaviour | ||
| 260 | |a New Delhi, Kanishka Publishing House | ||
| 260 | |a 1992 | ||
| 650 | |a Child behaviour |9 117340 | ||
| 650 | |a Psychology |9 117341 | ||
| 650 | |a Research report |9 117342 | ||
| 942 | |c BK | ||
| 999 | |c 167582 |d 167578 | ||
| 952 | |0 0 |1 0 |4 0 |7 0 |9 166015 |a SPS |b SPS |d 2019-04-16 |l 0 |p SPS01103 |r 2019-04-16 |w 2019-04-16 |y BK | ||